| 000 | 01042 a2200229 4500 | ||
|---|---|---|---|
| 001 | 41196 | ||
| 005 | 20260407155706.0 | ||
| 008 | 260407a2010 arg spa d | ||
| 003 | AR-UNSa-BCEJYS | ||
| 040 |
_aAR-UNSa-BCEJYS _bspa _cAR-UNSa-BCEJYS |
||
| 080 |
_a347.736 _xQuiebra. Insolvencia. Suspensión de pagos. Bancarrota, procedimientos. Derecho Concursal |
||
| 245 | 1 | 0 | _aExclusión de voto |
| 020 | _a978-950-894-810-6 | ||
| 264 | 1 |
_aBuenos Aires : _bAD-HOC _c2010 |
|
| 300 |
_a108 p. _c18 cm. |
||
| 505 | _a1. Introducción - 2. El derecho a votar - 3. El art. 45 de la L.C.Q. - 4. Supuestos no comprendidos en el art. 45 de la L.C.Q. - 5. Cuestiones procesales - 6. La exclusión de voto: ¿un arma de doble filo? - 7. Conclusiones. La necesidad de una interpretación adecuada de la Ley y de una reforma | ||
| 041 | _aspa | ||
| 942 | _cBK | ||
| 590 | _aniveau_biblio:m niveau_hierar:0 | ||
| 100 | 1 | _aRoggero, Francisco J. | |
| 856 | 4 | 1 |
_uhttps://biblioeco.unsa.edu.ar/pmb/images/libros/L126432_01.jpg _yImagen de portada _qimage/jpeg |
| 999 |
_c3415 _d3415 |
||